[Event "Rio de Janeiro op 3rd"]
[Site "Rio de Janeiro"]
[Date "2024.04.27"]
[Round "8"]
[White "Fucs, Paulo Moses"]
[Black "Laba, Otavio De Souza"]
[Result "1-0"]
[WhiteElo "1971"]
[BlackElo "1879"]
[PlyCount "69"]
[EventDate "2024.04.22"]
[EventType "swiss"]
[EventRounds "9"]
[EventCountry "BRA"]
[SourceTitle "CB18_2024"]
[SourceDate "2024.05.01"]
[SourceVersion "1"]
[SourceVersionDate "2024.05.01"]
[SourceQuality "2"]

1. c4 Nf6 2. Nc3 g6 3. g3 Bg7 4. Bg2 0-0 5. Nf3 d6 6. d4 c6 7. 0-0 Bf5 8. Bf4 Ne4 9. Nxe4 Bxe4 10. Qd2 Nd7 11. Bh6 Qb6 12. Bxg7 Kxg7 13. Bh3 Nf6 14. Rfd1 Bxf3 15. exf3 d5 16. c5 Qc7 17. Re1 e6 18. Re3 b6 19. Rc1 Nd7 20. b4 a5 21. cxb6 Nxb6 22. Bf1 axb4 23. Qxb4 Rxa2 24. Rec3 Ra4 25. Qb3 Qa7 26. Rxc6 Rb8 27. Rc7 Qa5 28. Qe3 Nc4 29. Rxf7+ Kxf7 30. Qf4+ Kg7 31. Qxb8 Qd2 32. Rb1 Ra2 33. Rb7+ Kh6 34. Qf8+ Kg5 35. h4+ 1-0

[Event "Rio de Janeiro op 3rd"]
[Site "Rio de Janeiro"]
[Date "2024.04.26"]
[Round "7"]
[White "Fucs, Paulo Moses"]
[Black "Guzman, Alessandro Lucien D"]
[Result "0-1"]
[WhiteElo "1971"]
[BlackElo "1797"]
[PlyCount "67"]
[EventDate "2024.04.22"]
[EventType "swiss"]
[EventRounds "9"]
[EventCountry "BRA"]
[SourceTitle "CB18_2024"]
[SourceDate "2024.05.01"]
[SourceVersion "1"]
[SourceVersionDate "2024.05.01"]
[SourceQuality "2"]

1. c4 e5 2. Nc3 Nf6 3. d3 b6 4. Nf3 Nc6 5. g3 Rb8 6. Bg2 Bb7 7. 0-0 Be7 8. Nd5 0-0 9. e4 d6 10. h3 Nd4 11. Bd2 Nxd5 12. Nxd4 Nf6 13. Nf5 Bc8 14. g4 c6 15. Qf3 Be6 16. b3 d5 17. Rad1 dxe4 18. dxe4 Qc7 19. Be3 Bc5 20. Rfe1 Nd7 21. b4 g6 22. Bf1 gxf5 23. exf5 Be7 24. fxe6 fxe6 25. Qg3 Bf6 26. Bd3 Rf7 27. Be4 Rbf8 28. f3 c5 29. b5 Bg5 30. Rd3 Bf4 31. Qh4 Nf6 32. Bc6 e4 33. fxe4 Bg3 34. Qxg3 0-1

[Event "Rio de Janeiro op 04"]
[Site "Rio de Janeiro"]
[Date "2023.04.29"]
[Round "2"]
[White "Fucs, Paulo Moses"]
[Black "Carvalho, Joao Galetti"]
[Result "1-0"]
[WhiteElo "1920"]
[BlackElo "1531"]
[PlyCount "37"]
[EventDate "2023.04.29"]
[EventType "swiss"]
[EventRounds "6"]
[EventCountry "BRA"]
[SourceTitle "CBM 214 Extra"]
[Source "ChessBase"]
[SourceDate "2023.07.31"]
[SourceVersion "1"]
[SourceVersionDate "2023.07.31"]
[SourceQuality "1"]

1. c4 Nf6 2. Nc3 e6 3. Nf3 d5 4. e3 Be7 5. a3 0-0 6. d4 b6 7. Bd3 dxc4 8. Bxc4 Bb7 9. 0-0 Nbd7 10. Qe2 c5 11. Rd1 Rc8 12. h3 cxd4 13. Nxd4 Qc7 14. Ba2 a6 15. Bd2 Bc5 16. Be1 e5 17. Nf5 g6 18. Ng3 e4 19. Rac1 1-0

[Event "Rio de Janeiro Fexerj op"]
[Site "Rio de Janeiro"]
[Date "2019.06.08"]
[Round "5"]
[White "Fucs, Paulo Moses"]
[Black "Guimaraes, Wagner Peixoto"]
[Result "0-1"]
[WhiteElo "1969"]
[BlackElo "2195"]
[PlyCount "124"]
[EventDate "2019.06.01"]
[EventType "swiss"]
[EventRounds "6"]
[EventCountry "BRA"]
[SourceTitle "CBM 190 Extra"]
[Source "ChessBase"]
[SourceDate "2019.07.15"]
[SourceVersion "1"]
[SourceVersionDate "2019.07.15"]
[SourceQuality "1"]

1. e4 g6 2. d4 Bg7 3. c4 d6 4. Nc3 Nf6 5. Nf3 0-0 6. Be2 e5 7. dxe5 dxe5 8. Qxd8 Rxd8 9. Bg5 c6 10. 0-0 Re8 11. h3 Na6 12. Be3 Bf8 13. Rfd1 Bb4 14. Nd2 Nc5 15. f3 Ne6 16. Nb3 b6 17. Rac1 Bxc3 18. Rxc3 c5 19. Kf2 Ba6 20. Nd2 Nd4 21. Bxd4 exd4 22. Ra3 Bb7 23. Rb1 a5 24. Rb3 Re6 25. e5 a4 26. Rb5 Nh5 27. b4 axb3 28. R5xb3 Rxa2 29. R1b2 Rxb2 30. Rxb2 Nf4 31. Bf1 g5 32. Kg3 Ng6 33. Kg4 h6 34. Ra2 Nxe5+ 35. Kh5 Kg7 36. h4 Ng6 37. Ra7 Bc6 38. hxg5 Re5 39. Kg4 Rxg5+ 40. Kh3 Re5 41. Rc7 Re6 42. g3 Ne5 43. Kg2 Ng4 44. Bd3 Re3 45. Rxc6 Rxd3 46. Ne4 Ne3+ 47. Kf2 Nxc4 48. f4 Re3 49. Nf6 Re6 50. Nh5+ Kg6 51. f5+ Kxf5 52. Ng7+ Ke5 53. Nxe6 fxe6 54. Rc8 Ke4 55. Rh8 Ne5 56. Ke2 Ng4 57. Rb8 c4 58. Rxb6 e5 59. Rc6 c3 60. Rc4 Ne3 61. Rc6 d3+ 62. Kf2 d2 0-1

[Event "Rio de Janeiro Fexerj op"]
[Site "Rio de Janeiro"]
[Date "2019.06.01"]
[Round "2"]
[White "Manzi, Luiz Antonio Bardao"]
[Black "Fucs, Paulo Moses"]
[Result "1-0"]
[WhiteElo "2082"]
[BlackElo "1969"]
[PlyCount "57"]
[EventDate "2019.06.01"]
[EventType "swiss"]
[EventRounds "6"]
[EventCountry "BRA"]
[SourceTitle "CBM 190 Extra"]
[Source "ChessBase"]
[SourceDate "2019.07.15"]
[SourceVersion "1"]
[SourceVersionDate "2019.07.15"]
[SourceQuality "1"]

1. Nf3 d5 2. d4 Nf6 3. g3 g6 4. Bg2 Bg7 5. 0-0 0-0 6. c3 c6 7. Nbd2 Nbd7 8. Re1 Qb6 9. e4 e6 10. e5 Ne8 11. Nb3 c5 12. dxc5 Qc7 13. Qd4 b6 14. cxb6 axb6 15. h4 h6 16. Bf4 Nc5 17. Qe3 h5 18. Nfd4 Ba6 19. Bh6 Bxh6 20. Qxh6 Nd3 21. Nf3 Ra7 22. Ng5 f6 23. Nxe6 Qf7 24. Nxf8 Nxe1 25. Rxe1 Bd3 26. Nh7 Be4 27. Bxe4 dxe4 28. Nxf6+ Nxf6 29. exf6 1-0

[Event "Rio de Janeiro Duchamp op 2nd"]
[Site "Rio de Janeiro"]
[Date "2018.11.18"]
[Round "6"]
[White "Souza, Wellington"]
[Black "Fucs, Paulo Moses"]
[Result "1-0"]
[WhiteElo "2120"]
[BlackElo "2016"]
[PlyCount "83"]
[EventDate "2018.11.14"]
[EventType "swiss"]
[EventRounds "9"]
[EventCountry "BRA"]
[SourceTitle "CBM 187 Extra"]
[Source "ChessBase"]
[SourceDate "2018.11.04"]
[SourceVersion "1"]
[SourceVersionDate "2018.11.04"]
[SourceQuality "1"]

1. d4 Nf6 2. c4 e6 3. Nf3 b6 4. g3 Bb7 5. Bg2 d5 6. 0-0 Nbd7 7. cxd5 exd5 8. Nc3 Be7 9. Bf4 a6 10. Rc1 Rc8 11. Ne5 0-0 12. Bh3 c5 13. e3 c4 14. Nxd7 Nxd7 15. Qf3 Bc6 16. Nxd5 b5 17. Nxe7+ Qxe7 18. d5 Ba8 19. e4 Rcd8 20. Bxd7 Qxd7 21. Qc3 f5 22. f3 Rfe8 23. Qd4 h6 24. b3 g5 25. Bd2 Qg7 26. Qb6 Rb8 27. Qxa6 Qd4+ 28. Rf2 fxe4 29. fxe4 Qxe4 30. Re1 Qh7 31. Rf6 Rxe1+ 32. Bxe1 Bxd5 33. Rg6+ Kf7 34. Qf6+ Ke8 35. Bb4 Qa7+ 36. Kf1 Bf7 37. Rg8+ Bxg8 38. Qf8+ Kd7 39. Qe7+ Kc6 40. Qxa7 Rb7 41. Qc5+ Kd7 42. Qd6+ 1-0

[Event "Rio de Janeiro Estadual-ch"]
[Site "Rio de Janeiro"]
[Date "2017.12.03"]
[Round "3"]
[White "Fucs, Paulo Moses"]
[Black "Salles, Marvio Darilho"]
[Result "1/2-1/2"]
[WhiteElo "2013"]
[BlackElo "2038"]
[PlyCount "99"]
[EventDate "2017.12.02"]
[EventType "swiss"]
[EventRounds "6"]
[EventCountry "BRA"]
[SourceTitle "CBM 182 Extra"]
[Source "ChessBase"]
[SourceDate "2018.02.23"]
[SourceVersion "1"]
[SourceVersionDate "2018.02.23"]
[SourceQuality "1"]

1. d4 Nf6 2. Nf3 g6 3. g3 Bg7 4. Bg2 0-0 5. 0-0 d6 6. c4 c5 7. Nc3 Nc6 8. dxc5 dxc5 9. Be3 Qa5 10. Qa4 Nd7 11. Qxa5 Nxa5 12. Nd2 Nc6 13. Rac1 Nd4 14. Rfe1 Rb8 15. Nb3 Nf5 16. Bxc5 Nxc5 17. Nxc5 b6 18. Nd3 Bb7 19. b3 Rfd8 20. a4 Nd4 21. b4 Nxe2+ 22. Nxe2 Rxd3 23. Nf4 Rd7 24. b5 Bxg2 25. Kxg2 Rc8 26. Nd5 e6 27. Nb4 Rd2 28. Nc6 Rc7 29. Re4 Bf8 30. Rd4 Ra2 31. a5 Bc5 32. axb6 axb6 33. Rf4 Be3 34. Rd1 Bxf4 35. gxf4 Rc2 36. Rd4 Kg7 37. Kf3 Rc3+ 38. Ke4 Kf6 39. h4 h5 40. f3 Rc1 41. Ne5 Re1+ 42. Kd3 Rd1+ 43. Kc3 Rxd4 44. Kxd4 Kf5 45. Ke3 Rc5 46. Nxf7 Kf6 47. Ne5 Kf5 48. Nf7 Kf6 49. Ne5 Kf5 50. Nf7 1/2-1/2

[Event "Rio de Janeiro Duchamp op"]
[Site "Rio de Janeiro"]
[Date "2017.11.18"]
[Round "9"]
[White "Fucs, Paulo Moses"]
[Black "Chaves, Jorge Antonio Torre"]
[Result "0-1"]
[WhiteElo "2039"]
[BlackElo "1866"]
[PlyCount "76"]
[EventDate "2017.11.11"]
[EventType "swiss"]
[EventRounds "9"]
[EventCountry "BRA"]
[SourceTitle "CBM 181 Extra"]
[Source "ChessBase"]
[SourceDate "2017.12.12"]
[SourceVersion "1"]
[SourceVersionDate "2017.12.12"]
[SourceQuality "1"]

1. d4 Nf6 2. Nf3 e6 3. g3 b6 4. Bg2 Bb7 5. 0-0 d5 6. c4 Be7 7. Nc3 Nbd7 8. Ne5 c6 9. e4 0-0 10. Bf4 a6 11. Qb3 Nxe5 12. dxe5 dxc4 13. Qxc4 b5 14. Qe2 Nd7 15. Rad1 Qc7 16. Rd2 Rfd8 17. Rc1 Qa5 18. Rcd1 Nf8 19. Rxd8 Rxd8 20. Rxd8 Qxd8 21. Qd2 Qc7 22. Qc2 c5 23. a4 b4 24. Nd5 exd5 25. exd5 Qc8 26. d6 Bd8 27. Bxb7 Qxb7 28. Qxc5 Ne6 29. Qc4 g5 30. Be3 h5 31. h4 gxh4 32. gxh4 a5 33. Qe2 Qe4 34. Qxh5 Bxh4 35. Qe2 Nd4 36. Qa6 Qg4+ 37. Kh1 Qh3+ 38. Kg1 Qf3 0-1

[Event "Rio de Janeiro Duchamp op"]
[Site "Rio de Janeiro"]
[Date "2017.11.17"]
[Round "8"]
[White "Fucs, Paulo Moses"]
[Black "Peixoto, Rudson Marinho"]
[Result "0-1"]
[WhiteElo "2039"]
[BlackElo "1948"]
[PlyCount "127"]
[EventDate "2017.11.11"]
[EventType "swiss"]
[EventRounds "9"]
[EventCountry "BRA"]
[SourceTitle "CBM 181 Extra"]
[Source "ChessBase"]
[SourceDate "2017.12.12"]
[SourceVersion "1"]
[SourceVersionDate "2017.12.12"]
[SourceQuality "1"]

1. c4 e5 2. Nc3 Nf6 3. g3 Bc5 4. e3 Nc6 5. Bg2 0-0 6. Nge2 d6 7. 0-0 Bg4 8. a3 a5 9. b3 Qd7 10. Ra2 Rfe8 11. d3 Bh3 12. Ne4 Nxe4 13. dxe4 Bxg2 14. Kxg2 Ne7 15. Nc3 c6 16. Qf3 Qe6 17. Rd2 b5 18. Qe2 Reb8 19. Rfd1 g6 20. cxb5 Qxb3 21. Qd3 cxb5 22. Rb2 Qc4 23. Rxb5 Qxd3 24. Rxd3 Rxb5 25. Nxb5 a4 26. Nc3 Kf8 27. f4 f6 28. Kf3 Kf7 29. Ke2 Ke6 30. g4 g5 31. f5+ Kd7 32. Kd1 Kc6 33. Kc2 Kb6 34. Kb2 Rb8 35. Ka2 Ra8 36. Rd1 Kc6 37. Bd2 h5 38. h3 hxg4 39. hxg4 Rh8 40. Nxa4 Rh2 41. Kb3 Rg2 42. Ba5 Rxg4 43. Bd8 Ng8 44. Nc3 Kd7 45. Ba5 Bxe3 46. Bb4 Bd4 47. a4 Ne7 48. a5 Nc6 49. Nd5 Rg3+ 50. Kc4 Nxb4 51. Kxb4 Kc6 52. a6 g4 53. Nxf6 Rg2 54. Rh1 g3 55. Rh7 Rb2+ 56. Kc4 g2 57. Nd5 Rc2+ 58. Kd3 Rc3+ 59. Kd2 g1Q 60. Rc7+ Kb5 61. Nxc3+ Bxc3+ 62. Rxc3 Qd4+ 63. Rd3 Qxe4 64. Rxd6 0-1

[Event "Rio de Janeiro Duchamp op"]
[Site "Rio de Janeiro"]
[Date "2017.11.14"]
[Round "5"]
[White "Teixeira, Guilherme Vargas"]
[Black "Fucs, Paulo Moses"]
[Result "0-1"]
[WhiteElo "1676"]
[BlackElo "2039"]
[PlyCount "46"]
[EventDate "2017.11.11"]
[EventType "swiss"]
[EventRounds "9"]
[EventCountry "BRA"]
[SourceTitle "CBM 181 Extra"]
[Source "ChessBase"]
[SourceDate "2017.12.12"]
[SourceVersion "1"]
[SourceVersionDate "2017.12.12"]
[SourceQuality "1"]

1. d4 Nf6 2. c4 g6 3. Nf3 Bg7 4. g3 0-0 5. Bg2 c6 6. 0-0 d5 7. cxd5 cxd5 8. Ne5 Nbd7 9. Nd3 b6 10. Nc3 Bb7 11. e3 Rc8 12. Re1 a6 13. Bd2 e6 14. Rc1 Re8 15. a4 Bf8 16. Qb3 Bd6 17. Red1 Qe7 18. Be1 h5 19. h4 Kg7 20. Ne2 Ne4 21. Bxe4 dxe4 22. Ndf4 Kh6 23. Nh3 Bd5 0-1

[Event "Rio de Janeiro Duchamp op"]
[Site "Rio de Janeiro"]
[Date "2017.11.12"]
[Round "2"]
[White "Borges, Guilherme Deola"]
[Black "Fucs, Paulo Moses"]
[Result "1-0"]
[WhiteElo "2207"]
[BlackElo "2039"]
[PlyCount "69"]
[EventDate "2017.11.11"]
[EventType "swiss"]
[EventRounds "9"]
[EventCountry "BRA"]
[SourceTitle "CBM 181 Extra"]
[Source "ChessBase"]
[SourceDate "2017.12.12"]
[SourceVersion "1"]
[SourceVersionDate "2017.12.12"]
[SourceQuality "1"]

1. d4 d5 2. c4 c6 3. Nc3 a6 4. e3 Nf6 5. Nf3 g6 6. Bd3 Bg7 7. 0-0 0-0 8. h3 b5 9. b3 Bf5 10. Bxf5 gxf5 11. Qd3 e6 12. Ba3 Re8 13. Rfc1 Ne4 14. cxd5 cxd5 15. Ne2 Ra7 16. Ne5 b4 17. Bxb4 Bxe5 18. dxe5 Rb7 19. Be1 f6 20. f3 Ng5 21. exf6 Qxf6 22. Bc3 Qh6 23. Nf4 Ree7 24. Rc2 Nf7 25. Rac1 Nd6 26. Be5 Red7 27. Qc3 Kf7 28. Qa5 Qf8 29. Qe1 Qh6 30. Nd3 Ra7 31. Bf4 Qf6 32. Ne5+ Ke8 33. Nxd7 Kxd7 34. Bxd6 Kxd6 35. Qb4+ 1-0

[Event "Rio de Janeiro Duchamp op"]
[Site "Rio de Janeiro"]
[Date "2017.11.11"]
[Round "1"]
[White "Fucs, Paulo Moses"]
[Black "Boghi, Victor Almeida"]
[Result "1-0"]
[WhiteElo "2039"]
[BlackElo "1594"]
[PlyCount "99"]
[EventDate "2017.11.11"]
[EventType "swiss"]
[EventRounds "9"]
[EventCountry "BRA"]
[SourceTitle "CBM 181 Extra"]
[Source "ChessBase"]
[SourceDate "2017.12.12"]
[SourceVersion "1"]
[SourceVersionDate "2017.12.12"]
[SourceQuality "1"]

1. c4 Nf6 2. Nc3 g6 3. Nf3 Bg7 4. g3 0-0 5. Bg2 d6 6. d4 Nbd7 7. 0-0 e5 8. dxe5 Nxe5 9. Nxe5 dxe5 10. Qxd8 Rxd8 11. Bg5 Re8 12. Nb5 Re7 13. Rad1 Be6 14. b3 c6 15. Nc3 h6 16. Be3 Ng4 17. Bc1 Nf6 18. Na4 Nd7 19. h3 Ree8 20. Be3 f5 21. Nc5 Nxc5 22. Bxc5 e4 23. h4 b6 24. Be3 c5 25. g4 Rad8 26. g5 h5 27. Bf4 Rd4 28. e3 Rd3 29. Rxd3 exd3 30. Rd1 Rd8 31. Bd5 Bxd5 32. Rxd3 Rd7 33. Rxd5 Rxd5 34. cxd5 Kf7 35. Kf1 Bc3 36. Ke2 Ke7 37. Kd3 Be1 38. Bg3 b5 39. Ke2 Bb4 40. f3 c4 41. bxc4 bxc4 42. e4 fxe4 43. fxe4 Bc5 44. Bf2 Bb6 45. Bxb6 axb6 46. a4 Kd6 47. Kd2 Kc5 48. Kc3 b5 49. axb5 Kxb5 50. d6 1-0

[Event "Tijuca Tenis Clube op 2nd"]
[Site "Rio de Janeiro"]
[Date "2017.07.16"]
[Round "4"]
[White "Fucs, Paulo Moses"]
[Black "Da Silva, Claudio Oliveira"]
[Result "1-0"]
[WhiteElo "2028"]
[BlackElo "1765"]
[PlyCount "67"]
[EventDate "2017.07.15"]
[EventType "swiss"]
[EventRounds "6"]
[EventCountry "BRA"]
[SourceTitle "EXT 2019"]
[Source "ChessBase"]
[SourceDate "2018.10.10"]
[SourceVersion "1"]
[SourceVersionDate "2018.10.10"]
[SourceQuality "1"]

1. d4 Nf6 2. Nf3 g6 3. g3 Bg7 4. Bg2 0-0 5. c4 d6 6. Nc3 Nbd7 7. 0-0 Re8 8. e4 e5 9. dxe5 Nxe5 10. Nxe5 Rxe5 11. Qc2 Re8 12. Bf4 Be6 13. b3 Qc8 14. Rfe1 Bh3 15. Bh1 Ng4 16. Rad1 Qe6 17. Nd5 Rac8 18. Bxd6 cxd6 19. Nf4 Qe7 20. Nxh3 b5 21. Qe2 h5 22. cxb5 Bc3 23. Rf1 Bb4 24. Nf4 Nf6 25. Bg2 Bc5 26. Qd3 Qe5 27. b4 Bxb4 28. Nxg6 Qg5 29. Nh4 Rc3 30. Qd4 Ba5 31. Qxd6 Nxe4 32. Bxe4 Rxe4 33. Rd5 Qg7 34. Qb8+ 1-0

[Event "Rio de Janeiro Andrade Memorial 1st"]
[Site "Rio de Janeiro"]
[Date "2017.06.18"]
[Round "6"]
[White "Soares, Joao Carlos TC"]
[Black "Fucs, Paulo Moses"]
[Result "1-0"]
[WhiteElo "1869"]
[BlackElo "2055"]
[PlyCount "85"]
[EventDate "2017.06.15"]
[EventType "swiss"]
[EventRounds "6"]
[EventCountry "BRA"]
[SourceTitle "EXT 2018"]
[Source "ChessBase"]
[SourceDate "2017.10.13"]
[SourceVersion "1"]
[SourceVersionDate "2017.10.13"]
[SourceQuality "1"]

1. e4 e5 2. Nf3 Nc6 3. Bb5 Nf6 4. 0-0 Nxe4 5. d4 Nd6 6. Bxc6 dxc6 7. dxe5 Nf5 8. Qxd8+ Kxd8 9. Rd1+ Ke8 10. Nc3 h6 11. h3 g6 12. g4 Ng7 13. Kg2 b6 14. Be3 Ne6 15. Nd4 Bg7 16. Nxe6 Bxe6 17. f4 Rd8 18. Rxd8+ Kxd8 19. Rd1+ Ke7 20. Kg3 Rd8 21. Rxd8 Kxd8 22. Kf3 Bc8 23. h4 Ke7 24. Ne2 c5 25. Ng3 Bb7+ 26. Kf2 Bd5 27. a3 a5 28. h5 Ke6 29. Bd2 Bf8 30. hxg6 fxg6 31. Bc3 Kf7 32. f5 gxf5 33. gxf5 a4 34. Bd2 b5 35. c3 Ba2 36. Kf3 Bb1 37. Kf4 Bc2 38. Nh5 Bd1 39. Nf6 h5 40. Ne4 Bg4 41. e6+ Ke7 42. Ke5 Ke8 43. f6 1-0

[Event "Guanabara CC op 2nd"]
[Site "Rio de Janeiro"]
[Date "2017.05.27"]
[Round "4"]
[White "Da Costa, Carlos Henrique Luz"]
[Black "Fucs, Paulo Moses"]
[Result "0-1"]
[WhiteElo "1575"]
[BlackElo "2055"]
[PlyCount "100"]
[EventDate "2017.05.20"]
[EventType "swiss"]
[EventRounds "6"]
[EventCountry "BRA"]
[SourceTitle "EXT 2018"]
[Source "ChessBase"]
[SourceDate "2017.10.13"]
[SourceVersion "1"]
[SourceVersionDate "2017.10.13"]
[SourceQuality "1"]

1. d4 d5 2. Bf4 Bf5 3. e3 c6 4. c3 Nf6 5. Bd3 Bxd3 6. Qxd3 Nbd7 7. Nd2 e6 8. Ngf3 Be7 9. h3 Qb6 10. Qc2 Qa6 11. Nb3 Ne4 12. Ne5 Nxe5 13. Bxe5 0-0 14. f3 Bh4+ 15. g3 Nxg3 16. 0-0-0 Nxh1 17. Qg2 g6 18. Rxh1 Qd3 19. Bf4 b6 20. Bh6 Rfe8 21. Qg4 Bf6 22. h4 Qf5 23. Nd2 Qxg4 24. fxg4 e5 25. Nf3 exd4 26. exd4 Re4 27. Rg1 Rae8 28. Bd2 c5 29. g5 Bg7 30. dxc5 bxc5 31. Rg2 d4 32. cxd4 Bxd4 33. Nxd4 cxd4 34. Rh2 Kg7 35. Kc2 f5 36. Kd3 Rc8 37. h5 Rg4 38. h6+ Kf7 39. Re2 Re8 40. Rf2 Ree4 41. Rf3 Ke6 42. Ba5 Re3+ 43. Rxe3+ dxe3 44. Kxe3 Ra4 45. Bc3 Rxa2 46. Kf3 Kd5 47. Bf6 a5 48. Ke3 Kc4 49. Kf4 a4 50. Bc3 a3 0-1

[Event "Rio de Janeiro Cortinhas Memorial 1st"]
[Site "Rio de Janeiro"]
[Date "2017.04.23"]
[Round "5"]
[White "Fucs, Paulo Moses"]
[Black "Baeta, Marcio Netto"]
[Result "1-0"]
[WhiteElo "2052"]
[BlackElo "1968"]
[PlyCount "81"]
[EventDate "2017.04.21"]
[EventType "swiss"]
[EventRounds "6"]
[EventCountry "BRA"]
[SourceTitle "CBM 178 Extra"]
[Source "ChessBase"]
[SourceDate "2017.06.22"]
[SourceVersion "1"]
[SourceVersionDate "2017.06.22"]
[SourceQuality "1"]

1. Nf3 c5 2. c4 Nc6 3. Nc3 g6 4. g3 Bg7 5. Bg2 Nf6 6. 0-0 d5 7. d4 cxd4 8. Nxd4 Nxd4 9. Qxd4 dxc4 10. Qxc4 0-0 11. Bf4 Qb6 12. Qb5 Nd7 13. a4 Bxc3 14. bxc3 Qxb5 15. axb5 Nb6 16. Bc7 Nc4 17. Bd5 Nd6 18. Bxd6 exd6 19. Ra5 Bh3 20. Rfa1 Rac8 21. c4 Be6 22. Bxe6 fxe6 23. Rxa7 Rxc4 24. Rxb7 Rf7 25. Rxf7 Kxf7 26. Ra7+ Kf6 27. Rxh7 Rb4 28. Rb7 g5 29. h3 d5 30. e3 e5 31. b6 d4 32. exd4 exd4 33. Kf1 Rb2 34. Rb8 d3 35. Ke1 Re2+ 36. Kd1 Rb2 37. b7 Kg7 38. f4 gxf4 39. gxf4 Kh7 40. h4 Kg7 41. f5 1-0

[Event "Rio de Janeiro Cortinhas Memorial 1st"]
[Site "Rio de Janeiro"]
[Date "2017.04.22"]
[Round "3"]
[White "Fucs, Paulo Moses"]
[Black "Guimaraes, Wagner Peixoto"]
[Result "1/2-1/2"]
[WhiteElo "2052"]
[BlackElo "2177"]
[PlyCount "96"]
[EventDate "2017.04.21"]
[EventType "swiss"]
[EventRounds "6"]
[EventCountry "BRA"]
[SourceTitle "CBM 178 Extra"]
[Source "ChessBase"]
[SourceDate "2017.06.22"]
[SourceVersion "1"]
[SourceVersionDate "2017.06.22"]
[SourceQuality "1"]

1. c4 c6 2. d4 d5 3. cxd5 cxd5 4. Bg5 Nc6 5. e3 f6 6. Bh4 Nh6 7. Bd3 g6 8. Ne2 Nf5 9. Bg3 e5 10. 0-0 Bg7 11. Nbc3 0-0 12. Rc1 Nxg3 13. hxg3 Kh8 14. Qb3 Ne7 15. Rfd1 b6 16. e4 Be6 17. exd5 Nxd5 18. Qa4 Nxc3 19. bxc3 Qc7 20. c4 f5 21. d5 Bd7 22. Qa3 Rfc8 23. c5 bxc5 24. Ba6 Rd8 25. Qxc5 Qb6 26. Qxb6 axb6 27. Bc4 Bf8 28. Bb3 Bc5 29. Nc3 Kg7 30. g4 Kf6 31. gxf5 gxf5 32. Kf1 h5 33. Ke2 Rg8 34. g3 h4 35. d6 Rg4 36. Nd5+ Kg7 37. Ne3 Re4 38. Bd5 Raa4 39. Bxe4 Rxe4 40. Rxc5 bxc5 41. gxh4 f4 42. Kf3 Ra4 43. Nd5 Rxa2 44. Nb6 Ra7 45. Ke4 Kf6 46. Nd5+ Ke6 47. Nc7+ Kf6 48. Nd5+ Ke6 1/2-1/2

[Event "Rio de Janeiro Cortinhas Memorial 1st"]
[Site "Rio de Janeiro"]
[Date "2017.04.21"]
[Round "1"]
[White "Fucs, Paulo Moses"]
[Black "Mesquita, Arnaldo Leite"]
[Result "1-0"]
[WhiteElo "2052"]
[BlackElo "1734"]
[PlyCount "103"]
[EventDate "2017.04.21"]
[EventType "swiss"]
[EventRounds "6"]
[EventCountry "BRA"]
[SourceTitle "CBM 178 Extra"]
[Source "ChessBase"]
[SourceDate "2017.06.22"]
[SourceVersion "1"]
[SourceVersionDate "2017.06.22"]
[SourceQuality "1"]

1. d4 Nf6 2. c4 e6 3. Nf3 Bb4+ 4. Nbd2 c5 5. e3 d5 6. a3 Bxd2+ 7. Bxd2 cxd4 8. exd4 Nc6 9. c5 0-0 10. Bd3 Qc7 11. Qe2 Re8 12. 0-0 e5 13. dxe5 Nxe5 14. Nxe5 Qxe5 15. Qxe5 Rxe5 16. Rfe1 Rxe1+ 17. Rxe1 Be6 18. f3 h6 19. Kf2 Rc8 20. Rc1 Nd7 21. b4 Ne5 22. Ke3 Nc4+ 23. Bxc4 dxc4 24. Bc3 Rd8 25. Bd4 f5 26. f4 Bd5 27. a4 Re8+ 28. Be5 a6 29. Kd4 Rd8 30. Bd6 Be6 31. Re1 Kf7 32. h3 Re8 33. a5 g5 34. g3 Rg8 35. Rb1 Rd8 36. b5 axb5 37. Rxb5 Rd7 38. Rb2 Ke8 39. Re2 Kf7 40. Re3 Kf6 41. Ra3 gxf4 42. gxf4 Rd8 43. a6 bxa6 44. Rxa6 Kf7 45. Ra3 Ke8 46. Ke5 Bd7 47. Kf6 Bc8 48. Ra4 Bb7 49. Rxc4 Be4 50. Ke6 Rc8 51. Rc3 Rc6 52. Rg3 1-0